| 000 | 00640nam a22002172 4500 | ||
|---|---|---|---|
| 001 | 0000023580 | ||
| 005 | 20151217152244.0 | ||
| 008 | 130228s xx 000 0 eng d | ||
| 020 | _a8131201411 : | ||
| 040 |
_aKABU _cKABU |
||
| 100 | 1 |
_aBlyth, F. G. H. _@0000183053 |
|
| 245 | 1 | 2 |
_aA Geology for engineers / _cF. G. H. Blyth, M. H. de Freitas. |
| 250 | _a7th ed. | ||
| 260 |
_aOxford : _bButterworth, _c1984. |
||
| 300 | _ax, 325 p. | ||
| 650 | 0 |
_aEngineering geology. _@0000156159 |
|
| 700 | 1 |
_aFreitas, M. H. de. _@0000183054 |
|
| 852 | 1 | _9p3200 KES | |
| 908 | _a130228 | ||
| 950 | _@1 | ||
| 999 |
_c9874 _d9874 |
||